<?xml version="1.0" encoding="UTF-8"?>
<record
    xmlns:xsi="http://www.w3.org/2001/XMLSchema-instance"
    xsi:schemaLocation="http://www.loc.gov/MARC21/slim http://www.loc.gov/standards/marcxml/schema/MARC21slim.xsd"
    xmlns="http://www.loc.gov/MARC21/slim">

  <leader>00404nam a2200145Ia 4500</leader>
  <controlfield tag="003">SEM</controlfield>
  <controlfield tag="008">141116s9999    xx            000 0 und d</controlfield>
  <datafield tag="080" ind1=" " ind2=" ">
    <subfield code="a">&#x53D;&#x561;&#x579;  207</subfield>
  </datafield>
  <datafield tag="100" ind1=" " ind2=" ">
    <subfield code="a">&#x540;&#x561;&#x575;&#x580;&#x578;&#x582;&#x576;&#x56B; &#x531;&#x577;&#x578;&#x57F;</subfield>
  </datafield>
  <datafield tag="245" ind1=" " ind2=" ">
    <subfield code="a">&#x540;&#x578;&#x57E;&#x570;&#x561;&#x576;&#x576;&#x565;&#x57D; &#x53C;&#x565;&#x583;&#x57D;&#x56B;&#x578;&#x582;&#x57D;. &#x570;&#x561;&#x575;&#x561;&#x576;&#x57E;&#x565;&#x580; &#x563;&#x578;&#x580;&#x56E;&#x56B;&#x579;&#x576; &#x578;&#x582; &#x570;&#x580;&#x561;&#x57A;&#x561;&#x580;&#x561;&#x56F;&#x561;&#x56D;&#x578;&#x57D;&#x568;</subfield>
  </datafield>
  <datafield tag="260" ind1=" " ind2=" ">
    <subfield code="a">&#x535;&#x580;&#x587;&#x561;&#x576; </subfield>
  </datafield>
  <datafield tag="260" ind1=" " ind2=" ">
    <subfield code="c">2001</subfield>
  </datafield>
  <datafield tag="300" ind1=" " ind2=" ">
    <subfield code="a">136</subfield>
  </datafield>
  <datafield tag="942" ind1=" " ind2=" ">
    <subfield code="2">udc</subfield>
    <subfield code="c">BK</subfield>
  </datafield>
  <datafield tag="999" ind1=" " ind2=" ">
    <subfield code="c">47997</subfield>
    <subfield code="d">47997</subfield>
  </datafield>
</record>
